000 01146cam a2200217 4500
001 ABS64434
008 010828n2001 000 0 eng u
035 _a(Sirsi) u114335
100 _aBrewer, G
245 _aProfessional liability
260 _c2001
490 _aContract Journal
_v409(6339) 8 August 2001, 23(1)
520 _aConsiders the case of "Merrett v Babb" in which the issue raised question whether a professional employee was liable to be sued directly for advice given on behalf of the employer. The original case established that the defendant (B), the surveyor, did hold a duty of care to the plaintiff (M). B's appeal was also dismissed, leaving the implication that professional employees may be open to claims for negligent advice in situations where their firm has become insolvent or is otherwise underinsured. They may need to take steps to obtain personal insurance after their employment as ended.
590 _aABS
650 _aPROFESSIONAL LIABILITY
650 _aMERRETT V BABB
650 _aINSURANCE ISSUES
650 _aINSURANCE POLICIES
690 _aPROFESSIONAL PRACTICE-NEGLIGENCE
942 _n0
999 _c68082
_d68082